| 000 | 01116nam a2200325Ia 4500 | ||
|---|---|---|---|
| 003 | OSt | ||
| 005 | 20221007124924.0 | ||
| 006 | a|||||r|||| 00| 0 | ||
| 007 | ta | ||
| 008 | 221006b |||||||| |||| 00| 0 eng d | ||
| 020 | _a97801208145234 (pbk) | ||
| 024 | _a200567 | ||
| 037 |
_b5397, 22/02/2019, Ashutosh Technical Books _cTextual |
||
| 040 |
_aCDL _cCDL _beng |
||
| 041 |
_2eng _aeng |
||
| 082 | _aE232, Q9 Carc | ||
| 100 |
_aKakaei Karim _9721015 |
||
| 245 | 0 |
_aGraphene surfaces: Particles and catalysts _b Esrafili Mehdi D Ehsani Ali |
|
| 260 |
_aLondon _bAcademic Press _c2019 |
||
| 300 |
_aix, 445p. ill. _ccm. |
||
| 490 |
_vVol.27 _aInterface science and technology |
||
| 500 | _aInclude references; Index 439-445p. | ||
| 650 |
_a Gas convertor _9721016 |
||
| 650 |
_a Oxygen reduction reaction _9721017 |
||
| 650 | _aChemistry | ||
| 700 |
_a Ehsani Ali _9721018 |
||
| 700 |
_a Esrafili Mehdi D _9721019 |
||
| 942 |
_hE232, Q9 Carc _cTEXL _2CC |
||
| 999 |
_c1214387 _d1214387 |
||